Reglamento de Instituciones y Programas de Educación Superior a Distancia (Record no. 8342)

MARC details
000 -LEADER
campo de control de longitud fija 00453nam a2200133Ia 4500
001 - NÚMERO DE CONTROL
campo de control 188
008 - DATOS DE LONGITUD FIJA--INFORMACIÓN GENERAL
campo de control de longitud fija 241024s9999 xx 000 0 und d
082 ## - NÚMERO DE LA CLASIFICACIÓN DECIMAL DEWEY
Número de clasificación RD/378.97293/R426r/12
100 ## - ENTRADA PRINCIPAL--NOMBRE DE PERSONA
Nombre de persona República Dominicana.Secretaria de Estado de Educación Superior, Ciencia y Tecnología
245 #0 - MENCIÓN DEL TÍTULO
Título Reglamento de Instituciones y Programas de Educación Superior a Distancia
260 ## - PUBLICACIÓN, DISTRIBUCIÓN, ETC.
Nombre del editor, distribuidor, etc. Santo Domingo
Fecha de publicación, distribución, etc. 2006
901 ## - ELEMENTOS DE DATOS A LOCAL LDA (RLIN)
a 20/10/2010 2:16:49 p.m.

No items available.

© 2024. Todos los Derechos Reservados. Desarrollado por IDEICE